000 00570nam a2200145Ia 4500
008 151213s9999 xx 000 0 und d
100 _aমো: হাবিবুর রহমান
245 _aইসলামিক জুরি¯প্রডেন্স ও মুসলিম আইন।
_cমো: হাবিবুর রহমান
260 _aঢাকা
_bআমিন ’ল’ বুক সেন্টার।
_c2007
300 _a5086 p.
650 _aLaw
650 _aLaw
700 _aমো: হাবিবুর রহমান
999 _c3140
_d3140